LEADER 01218nam a2200301 a 4500 001 000000121710 003 CaOOAMICUS 005 20100512130148.0 008 100512t2005 it u000 u ita r 020 $a88-420-0265-8 040 $aPUL$bita$dReb 082 04$a193 100 1 $aSemerari, Giuseppe.$0(OLS)http://pul/name/35924 245 10$aIntroduzione a Schelling /$cdi Giuseppe Semerari. 250 $a5. ed. 260 $aBari ; Roma :$bGius. Laterza & figli,$cİ2005. 300 $a283 p. ;$c18 cm 490 1 $aI filosofi ;$v11 504 $aBibliografia: p. 243-[282]. 600 14$aSchelling, Friedrich Wilhelm Joseph von,$d1775-1854$xFilosofia.$0(OLS)http://pul/subject/36833 830 2$aI filosofi (Laterza) ;$v11.$0(OLS)http://pul/title/7858 850 $aPUL 852 $aPUL$W1$xSL Filosofia 3$y81$m193 SEMGI 1$j139698$qDDC 21$B138886$CPULBib$Z2$F138886 $H113554 $82 941 1 $a9 996 $6020$a88-420-0265-8$9(OLS)http://pul/number/144181 996 $6082$a193$9(OLS)http://pul/classification/412 996 $6245$aIntroduzione a Schelling$9(OLS)http://pul/title/153127 996 $6260$aBari ; Roma :$bGius. Laterza & figli$9(OLS)http://pul/publisher/81307 LEADER 01242nam a2200301 a 4500 001 000000133461 003 CaOOAMICUS 005 20130410103443.0 008 130410s1980 it u000 u ita r 040 $aPUL$bita 041 1 $aita$hger 100 1 $aKant, Immanuel,$d1724-1804.$0(OLS)http://pul/name/8154 240 10$aGrundlegung zur Metaphysik der Sitten.$lItaliano.$0(OLS)http://pul/title/79219 245 10$aFondazione della metafisica dei costumi /$cImmanuel Kant ; introduzione di Rosario Assunto. 260 $aBari :$bLaterza,$c1980. 300 $aXXXII, 111 p. ;$c18 cm. 490 1 $aUniversale Laterza ;$v578 504 $aContiene indicazioni bibliografiche. 650 4$aMetafisica.$0(OLS)http://pul/subject/433 700 1 $aAssunto, Rosario,$d1915-1994.$0(OLS)http://pul/name/15908 830 0$aUniversale Laterza ;$v578.$0(OLS)http://pul/title/569 850 $aPUL 852 $aPUL$W1$xDP1 Fondo E. Rossi$y115$m1 K 7$j153391$qFondi$B152951$CPULBib$Z2$F152951 $82 941 1 $a1 961 $aSul dorso collocazione ms. di E. Rossi: K 3 996 $6245$aFondazione della metafisica dei costumi$9(OLS)http://pul/title/79388 996 $6260$aBari :$bLaterza$9(OLS)http://pul/publisher/47895 LEADER 01458nam a2200301 a 4500 001 000000108349 003 CaOOAMICUS 005 20080418134251.0 008 071121s2007 it 000 0 ita d 020 $z978-88-13-27412-2* 040 $aPUL$bita$dLDB$dBc 100 1 $aCadoppi, Alberto,$d1957-$0(OLS)http://pul/name/59414 245 10$aManuale di diritto penale.$pParte generale e parte speciale /$cA. Cadoppi, P. Veneziani. 250 $a3. ed. 260 $aPadova :$bCEDAM,$cc2007. 300 $axxxiii, 1043 p. ;$c24 cm. 490 1 $aStrumenti per la formazione professionale 504 $aInclude bibliografia e indici. 650 14$aDiritto penale$zItalia$vManuali.$0(OLS)http://pul/subject/8081 700 1 $aVeneziani, Paolo.$0(OLS)http://pul/name/64154 830 0$aStrumenti per la formazione professionale.$0(OLS)http://pul/title/131444 850 $aPUL 852 $aPUL$W1$xDP2 Diritto e Scienze Sociali 3$y110$m345. 45 CADAL 2$j123443$qDDC 21$B122385$CPULBib$Z2$F122385 $H105604 $82 852 $aPUL$W1$xSL Diritto e Scienze Sociali 3$y79$m343 CADAL 1$j127558$ac. 2$qDDC 21$B126260$CPULBib$Z2$F126260 $H107079 $82 941 1 $a9 996 $6020$z978-88-13-27412-2*$9(OLS)http://pul/number/136307 996 $6245$aManuale di diritto penale.$pParte generale e parte speciale$9(OLS)http://pul/title/139917 996 $6260$aPadova :$bCEDAM$9(OLS)http://pul/publisher/48126